Zdaňovanie štipendií

Sociálna podpora môže byť študentom poskytnutá rôznymi formami a z rôznych zdrojov. Priamou formou takejto podpory je poskytnutie štipendia. Posúdenie jednotlivých druhov štipendií z hľadiska dane z príjmov.

Saved in:
Bibliographic Details
Main Author: Valterová, Ivana
Format: Book Chapter
Language:Slovak
Subjects:
Tags: Add Tag
No Tags, Be the first to tag this record!

MARC

LEADER 00000naa$a2200000$$$4500
001 0115265
005 20231120112932.0
041 0 |a slo 
044 |a SK 
245 1 0 |a Zdaňovanie štipendií  |c Ivana Valterová 
520 |a Sociálna podpora môže byť študentom poskytnutá rôznymi formami a z rôznych zdrojov. Priamou formou takejto podpory je poskytnutie štipendia. Posúdenie jednotlivých druhov štipendií z hľadiska dane z príjmov. 
610 2 0 |a študenti 
610 2 0 |a štipendiá 
610 2 0 |a dane z príjmov 
100 1 |a Valterová, Ivana